Mouvements populaires a Bagdad a l'epoque 'abbasside, IXe-XIe siecles /

محفوظ في:

المؤلف الرئيسي: Sabari, Simha (مؤلف)

التنسيق: كتاب

اللغة: French

منشور في: Paris : Librairie d'Amérique et d'Orient, c1981.

سلاسل: Etudes de civilisation et d'histoire islamiques ; 5.

الموضوعات:

الوسوم: إضافة وسم

لا توجد وسوم, كن أول من يضع وسما على هذه التسجيلة!

رقم الطلب: DS79.9 .B25 S23 1981

LEADER 01038namaa2200277 4500
001 20920
003 OSt
005 20260211142207.0
008 130303s1981 fr b 001 0 fre d
010 |a 82138472 
040 |c ARCE Library 
043 |a a-iq--- 
050 4 |a DS79.9 .B25 S23 1981 
100 1 |a Sabari, Simha,  |e author  |9 38867 
245 1 0 |a Mouvements populaires a Bagdad a l'epoque 'abbasside, IXe-XIe siecles /  |c Simha Sabari. 
264 1 |a Paris :  |b Librairie d'Amérique et d'Orient,  |c c1981. 
300 |a 164 pages ;  |c 24 cm. 
490 1 |a Etudes de civilisation et d'histoire islamiques ;   |v 5. 
500 |a Originally presented as the author's thesis (doctoral -- Sorbonne, 1972) 
500 |a At head of title : Centre "Shiloah" des études du Moyen-Orient et de l'Afrique. 
504 |a Includes bibliographical references (pages [153]-158) and index. 
651 0 |a Baghdad (Iraq)  |x History. 
830 0 |a Etudes de civilisation et d'histoire islamiques ;   |v 5. 
901 |a reviewed 
942 |c BK  |2 lcc 
999 |c 18543  |d 18543